Movies Quiz

Random Movies or Role Quiz

Movies With Teeth Quiz Stats

 Plays Quiz Updated Feb 9, 2013

Challenge
Share
Tweet
Score 0/24 Timer 04:00
0 Plays Today
% Correct
Austin Powers
93.9%
Jaws
90.8%
Alien
80.8%
Pirates of the Caribbean
80.3%
The Hangover
69.5%
Dumb and Dumber
65.2%
Finding Nemo
64.3%
The Lord of the Rings
57.6%
Spider-Man 3
56.9%
Home Alone
53.7%
Teen Wolf
53.6%
Moonraker
50.8%
% Correct
The Rocky Horror Picture Show
50.3%
There's Something About Mary
45.3%
Nosferatu
39.8%
Coneheads
38.5%
Little Shop of Horrors
32.2%
The Lost Boys
31.4%
The NeverEnding Story
30.3%
Sleepy Hollow
25.3%
Watership Down
24.6%
Deliverance
10.9%
Best in Show
9.4%
Drag Me To Hell
8.4%

You're not logged in!

Compare scores with friends on all Sporcle quizzes.
Join for Free
OR
Log In

You Might Also Like...

Show Comments

Extras

Top Quizzes Today


Score Distribution

Your Account Isn't Verified!

In order to create a playlist on Sporcle, you need to verify the email address you used during registration. Go to your Sporcle Settings to finish the process.

Report this User

Report this user for behavior that violates our Community Guidelines.

Details: